|
|
|
|
| LEADER |
00000nam1a2200000 4500 |
| 001 |
80514 |
| 005 |
20231031094642.0 |
| 010 |
|
|
|a 5859490174
|
| 020 |
|
|
|a RU
|b 94-30526
|
| 035 |
|
|
|a (RuTPU)RU\TPU\book\86541
|
| 090 |
|
|
|a 80514
|
| 100 |
|
|
|a 20050906d1994 m a0rusy5003 ca
|
| 101 |
0 |
|
|a rus
|
| 200 |
1 |
|
|a Пропавшие среди живых
|e Криминальные повести
|f С. А. Высоцкий
|
| 210 |
|
|
|a Москва
|c Сигма-пресс
|d 1994
|
| 215 |
|
|
|a 334,[1] с.
|d 21 см
|
| 225 |
1 |
|
|a Криминальный экспресс
|
| 327 |
1 |
|
|a Содерж.: Пропавшие среди живых; Выстрел в Орельей Гриве
|
| 675 |
|
|
|a Р2
|z rus
|
| 700 |
|
1 |
|a Высоцкий
|b С. А.
|g Сергей Александрович
|
| 801 |
|
0 |
|a RU
|b RuMRKP
|c 19950413
|g psbo
|
| 801 |
|
1 |
|a RU
|b 63413507
|c 20050906
|g PSBO
|
| 801 |
|
2 |
|a RU
|b 63413507
|c 20050906
|g PSBO
|
| 942 |
|
|
|c BK
|